|
|
|
|
| LEADER |
00000nam0a2200000 4500 |
| 001 |
196470 |
| 005 |
20231031183113.0 |
| 010 |
|
|
|a 5250008526
|
| 020 |
|
|
|a RU
|b 90-68162
|
| 035 |
|
|
|a (RuTPU)RU\TPU\book\214340
|
| 090 |
|
|
|a 196470
|
| 100 |
|
|
|a 20110524d1990 m a0rusy5003 ca
|
| 101 |
1 |
|
|a rus
|c pol
|
| 102 |
|
|
|a RU
|
| 105 |
|
|
|a a z 000zb
|
| 200 |
1 |
|
|a Юзеф Пилсудский
|e легенды и факты
|e пер. с польск.
|f Д. Наленч, Т. Наленч
|
| 210 |
|
|
|a Москва
|c Политиздат
|d 1990
|
| 215 |
|
|
|a 399 с., [8] л. ил.
|d 20 см
|
| 600 |
|
1 |
|a Пилсудский
|g Юзеф
|b Ю.
|c польский государственный деятель
|c маршал
|f 1867-1935
|2 stltpush
|3 (RuTPU)RU\TPU\pers\566
|
| 610 |
1 |
|
|a государственные деятели
|
| 610 |
1 |
|
|a история
|
| 610 |
1 |
|
|a политические деятели
|
| 610 |
1 |
|
|a Польша
|
| 610 |
1 |
|
|a 19 век
|
| 610 |
1 |
|
|a 20 век
|
| 700 |
|
1 |
|a Наленч
|b Д.
|g Дарья
|4 070
|
| 701 |
|
1 |
|a Наленч
|b Т.
|g Томаш
|4 070
|
| 801 |
|
0 |
|a RU
|b RuMRKP
|c 19950417
|g psbo
|
| 801 |
|
1 |
|a RU
|b 63413507
|c 20110524
|
| 801 |
|
2 |
|a RU
|b 63413507
|c 20110526
|g RCR
|
| 942 |
|
|
|c BK
|